000 01103nam a22002777a 4500
999 _c117065
_d117065
003 dpl
005 20190105165332.0
008 190105b ||||| |||| 00| 0 eng d
010 _aB-076700
020 _c150.00
_a8177110365
035 _aB-076700,B-076704
037 _bCen Lib/Ret
040 _aDPL
_bHN
_c0
082 _a
_bजांगिड़
100 _aजांगिड़, रतन
_969887
245 _aसरहद पार मीलों दूर /
_cरतन जांगिड़
246 _aSarhad par meelon dur /
_bby Ratan Jangid
260 _aजयपुर
_bसाहित्यागार
_c2002
270 _bजयपुर
_aधामाणी मार्केट की गली, चौड़ा रास्ता
300 _a160पृ.
_c20सेमी(सजिल्द)
650 _aहिन्दी साहित्य
_969888
650 _aहिन्दी -- कहानियाँ
_969889
650 _aHindi literature
_969890
650 _aHindi -- Stories
_969891
942 _2ddc
_cHN
_h
_mजांगिड़